2015 NCAA Tournament Players Quiz Stats

 Plays Quiz not verified by Sporcle

Challenge
Share
Tweet
Embed
Score 0/68 Timer 20:00
0 Plays Today
% Correct
Duke
92.4%
Wisconsin
91.5%
Kentucky
91%
Louisville
86.7%
Ohio State
85.8%
Michigan State
83.9%
Kansas
82%
Wichita State
82%
Notre Dame
81.5%
Indiana
81.5%
North Carolina
81.5%
Georgia State
81.5%
Arizona
80.6%
Iowa State
80.1%
Gonzaga
79.1%
Arkansas
70.6%
Maryland
69.7%
Virginia
69.7%
Texas
64.9%
Northern Iowa
63%
UC Irvine
61.6%
Purdue
58.8%
Wyoming
58.8%
UCLA
58.8%
Villanova
57.8%
Oklahoma
57.8%
Georgetown
57.3%
Utah
56.9%
Providence
56.4%
Baylor
55%
BYU
55%
Oklahoma State
53.6%
Iowa
53.6%
Oregon
52.6%
% Correct
LSU
52.6%
West Virginia
49.8%
North Carolina State
49.8%
St. John's
48.8%
Cincinnati
47.9%
Butler
47.4%
VCU
46.4%
SMU
46.4%
Xavier
42.2%
Harvard
41.2%
Albany
37.9%
Eastern Washington
37.9%
Dayton
36%
Stephen F. Austin
27.5%
Hampton
25.6%
Mississippi
24.2%
Davidson
24.2%
Buffalo
23.2%
Valparaiso
21.3%
Boise State
21.3%
Georgia
20.9%
San Diego State
20.9%
Northeastern
19%
North Dakota State
15.2%
Robert Morris
14.7%
Wofford
13.7%
North Florida
13.7%
Belmont
12.3%
Manhattan
11.4%
Coastal Carolina
9%
Lafayette
8.5%
New Mexico State
7.6%
Texas Southern
7.6%
UAB
6.6%

You're not logged in!

Compare scores with friends on all Sporcle quizzes.
Join for Free
OR
Log In

You Might Also Like...

Show Comments

Extras

Top Quizzes Today


Score Distribution

Your Account Isn't Verified!

In order to create a playlist on Sporcle, you need to verify the email address you used during registration. Go to your Sporcle Settings to finish the process.

Report this User

Report this user for behavior that violates our Community Guidelines.

Details: